000 01153nam a2200265 i 4500
001 189056
003 SpMaBN
005 20250831120726.0
008 190326s2009 sp |||| | spa d
020 _a978-84-259-1465-2
080 _a342.565.2(460)(063)
080 _a342.4.047(460)(063)
110 1 _aEspaña.
_bTribunal Constitucional.
_bAsociación de Letrados.
_bJornadas (
_n14ª.
_d2008.
_cBilbao)
_9166693
245 1 3 _aLa reforma constitucional, ¿hacia un nuevo pacto constituyente?
_b: actas de las XIV Jornadas de la Asociación de Letrados del Tribunal Constitucional.
260 _aMadrid :
_bTribunal Constitucional :
_bCentro de Estudios Políticos y Constitucionales,
_c2009.
300 _a511 p. ;
_c22 cm.
490 1 _aCuadernos y debates ;
_v198
650 7 _aReforma constitucional-
_zEspaña
_2
_9138447
710 2 _aCentro de Estudios Políticos y Constitucionales (España)
_92666
710 1 _aEspaña.
_bTribunal Constitucional.
_94001
830 0 _aCuadernos y debates ;
_v198
_9180619
852 _aES-MaACL
_jA-14444
_9196193
_bR.151839
_cDEPO1
_dOlim: N-7444
942 _2udc
_cMONOGRAFIA
999 _c189056
_d189056